000 00293nam a22000977a 4500
008 240405b |||||||| |||| 00| 0 eng d
020 _a9789390441020
100 _aAtkinson Walker William
_97762
245 _aMEMORY How to Develop, Train and Use It.
260 _aNew Delhi
_bSrishti Publishers
_c2022
999 _c12560
_d12560